| 000 | 03227 a2200217 4500 | ||
|---|---|---|---|
| 001 | 47939 | ||
| 005 | 20260407155745.0 | ||
| 008 | 260407a1965 arg spa d | ||
| 003 | AR-UNSa-BCEJYS | ||
| 040 |
_aAR-UNSa-BCEJYS _bspa _cAR-UNSa-BCEJYS |
||
| 080 |
_a517 _xAnálisis Matemático |
||
| 245 | 1 | 0 | _aAnálisis Matemático |
| 264 | 1 |
_aBuenos Aires : _bKapelusz _c1965 |
|
| 300 |
_a3 v. _c24 cm. |
||
| 505 | _avol.2 - 2ed. -- 17. Geometría lineal y cuadrática - 18. Funciones de varias variables reales. Diferenciación - 19. Formula de Taylor de varias variables - 20. Geometría diferencial de curvas y superficies - 21. Integrales generalizadas. Series e integrales múltiples - 22. Integrales paramétricas - 23. Integrales curvilíneas. Análisis vectorial -- Vol.3 - 3ed. -- 24. Teoría de la medida - 25. Series e integral de Fourier - 26. Educaciones diferenciales ordinarias de primer orden - 27. Educaciones diferenciales de orden superior y sistemas de educaciones diferenciales ordinarias - 28. Ecuaciones diferenciales en derivadas parciales. Cálculo de variaciones - 29. Funciones analíticas -- Vol.2 - 5ed. -- 17. Geometría lineal y cuadrática - 18. Funciones de varias variables reales. Diferenciación - 19. Formula de Taylor de varias variables - 20. Geometría diferencial de curvas y superficies - 21. Integrales generalizadas. Series e integrales múltiples - 22. Integrales paramétricas - 23. Integrales curvilíneas. Análisis vectorial -- Vol.1. - 7ed. -- 1. Fundamentación del número racional - 2. El número real y el número complejo - 3. Combinatoria. Álgebra lineal - 4. Algoritmo algebraico - 5. El límite aritmético - 6. Las funciones reales y la continuidad - 7. Las funciones trascendentes elementales - 8. Funciones variables - 9. Teoremas del valor medio y consecuencias - 10. Fórmula de Taylor. Ecuaciones algebraicas - 11. Series de potencias - 12. Interpolación y diferencias finitas - 13. El área y la integración - 14. Cálculo de primitivas y aplicaciones - 15. Aplicaciones geométricas y físicas - 16. Integración aproximada -- Vol.2. - 17. Geometría lineal y cuadrática - 18. Funciones de varias variables reales. Diferenciación - 19. Formula de Taylor de varias variables - 20. Geometría diferencial de curvas y superficies - 21. Integrales generalizadas. Series e integrales múltiples - 22. Integrales paramétricas - 23. Integrales curvilíneas. Análisis vectorial -- Vol.1 - 8ed. -- 1. Fundamentación del número racional - 2. El número real y el número complejo - 3. Combinatoria. Álgebra lineal - 4. Algoritmo algebraico - 5. El límite aritmético - 6. Las funciones reales y la continuidad - 7. Las funciones trascendentes elementales - 8. Funciones variables - 9. Teoremas del valor medio y consecuencias - 10. Fórmula de Taylor. Ecuaciones algebraicas - 11. Series de potencias - 12. Interpolación y diferencias finitas - 13. El área y la integración - 14. Cálculo de primitivas y aplicaciones - 15. Aplicaciones geométricas y físicas - 16. Integración aproximada. | ||
| 942 | _cBK | ||
| 590 | _aniveau_biblio:m niveau_hierar:0 | ||
| 100 | 1 | _aRey Pastor, Julio | |
| 700 | 1 | _aPi Calleja, Pedro | |
| 700 | 1 | _aTrejo, César A. | |
| 999 |
_c4506 _d4506 |
||